Statistics for FIFA EPL PLAYERS WHO SCORED 20 GOALS IN A SEASON

Click here to take the quiz!

General Stats

  • This quiz has been taken 34 times
  • The average score is 15 of 26

Answer Stats

HintAnswer% Correct
21-22 TottenhamSon Heung-min
97%
14-15 Man CitySergio Aguero
85%
19-20 Man CityRaheem Sterling
79%
18-19 LiverpoolSadio Mane
79%
05-06 ArsenalThierry Henry
79%
22-23 BrentfordIvan Toney
76%
19-20 ArsenalPierre-Emerick Aubameyang
76%
09-10 ChelseaDidier Drogba
73%
07-08 Man UnitedCristiano Ronaldo
70%
09-10 ChelseaFrank Lampard
70%
11-12 Man UnitedWayne Rooney
70%
13-14 LiverpoolLuis Suarez
64%
11-12 ArsenalRobin van Persie
64%
05-06 Man UnitedRuud van Nistelrooy
58%
16-17 EvertonRomelu Lukaku
55%
16-17 ArsenalAlexis Sanchez
52%
09-10 Man CityCarlos Tevez
52%
14-15 ChelseaDiego Costa
48%
07-08 LiverpoolFernando Torres
48%
10-11 Man UnitedDimitar Berbatov
45%
12-13 TottenhamGareth Bale
45%
13-14 LiverpoolDaniel Sturridge
42%
09-10 SunderlandDarren Bent
33%
13-14 Man CityYaya Toure
33%
07-08 ArsenalEmmanuel Adebayor
27%
13-14 BurnleyDanny Ings
18%

Score Distribution

Percentile by Number Answered

Percent of People with Each Score

Your Score History

You have not taken this quiz